Online katalóg knižníc regiónu Turca

Divé maky (Record no. 22114)

MARC details
000 -LEADER
fixed length control field 01315cam a2200397 a 4500
001 - CONTROL NUMBER
control field 22114
003 - CONTROL NUMBER IDENTIFIER
control field VRT
005 - DATE AND TIME OF LATEST TRANSACTION
control field 20260320110602.0
008 - FIXED-LENGTH DATA ELEMENTS--GENERAL INFORMATION
fixed length control field 240314s2010 xo g 000 f slo
015 ## - NATIONAL BIBLIOGRAPHY NUMBER
National bibliography number SNBA2011/09-05213
020 ## - INTERNATIONAL STANDARD BOOK NUMBER
International Standard Book Number 9788089482054
Qualifying information (viaz.)
035 ## - SYSTEM CONTROL NUMBER
System control number 419DAF3E-64FA-4CC8-A012-EE14D29E09F1
035 ## - SYSTEM CONTROL NUMBER
System control number urn:nbn:sk:snk-amjg7k
035 ## - SYSTEM CONTROL NUMBER
System control number urn:nbn:sk:snk-am001s5e
039 #9 - LEVEL OF BIBLIOGRAPHIC CONTROL AND CODING DETAIL [OBSOLETE]
Level of rules in bibliographic description 202403140933
Level of effort used to assign nonsubject heading access points VLOAD
Level of effort used to assign subject headings 201808010801
Level of effort used to assign classification VLOAD
Level of effort used to assign subject headings 201611220749
Level of effort used to assign classification mbpksh02
Level of effort used to assign subject headings 201508271333
Level of effort used to assign classification VLOAD
040 ## - CATALOGING SOURCE
Original cataloging agency PPPK
Language of cataloging slo
Transcribing agency PPPK
Modifying agency SNK
Description conventions AACR2
041 0# - LANGUAGE CODE
Language code of text/sound track or separate title slo
044 ## - COUNTRY OF PUBLISHING/PRODUCING ENTITY CODE
MARC country code xo
ISO country code SK
072 #7 - SUBJECT CATEGORY CODE
Subject category code 821.162.4-3
Subject category code subdivision Slovenská próza
Source konspekt
080 ## - UNIVERSAL DECIMAL CLASSIFICATION NUMBER
Universal Decimal Classification number 821.162.4-31
Edition identifier 2001
100 1# - MAIN ENTRY--PERSONAL NAME
Personal name Ridziová, Erika
Relationship aut
245 10 - TITLE STATEMENT
Title Divé maky
Statement of responsibility, etc. Erika Ridziová
250 ## - EDITION STATEMENT
Edition statement [1. vyd.]
260 ## - PUBLICATION, DISTRIBUTION, ETC.
Place of publication, distribution, etc. Bratislava
Name of publisher, distributor, etc. Motýľ
Date of publication, distribution, etc. 2010
300 ## - PHYSICAL DESCRIPTION
Extent 238 s.
Dimensions 21 cm
655 #7 - INDEX TERM--GENRE/FORM
Genre/form data or focus term slovenské romány
Source of term SNKPH
655 #7 - INDEX TERM--GENRE/FORM
Genre/form data or focus term Slovak fiction
Source of term SNKPHeng
910 ## - USER-OPTION DATA (OCLC)
User-option data bpksh
942 ## - ADDED ENTRY ELEMENTS (KOHA)
Source of classification or shelving scheme Dewey Decimal Classification
Koha item type Krásna literatúra pre dospelých
Suppress in OPAC No
949 ## - LOCAL PROCESSING INFORMATION (OCLC)
6 4710710535
a strmkB
b strmk2010/10535
949 ## - LOCAL PROCESSING INFORMATION (OCLC)
6 270001000382219
a svkbbA 130978
b svkbbm 717448
949 ## - LOCAL PROCESSING INFORMATION (OCLC)
6 17A0689923
a snkSC 144264
b snk2011/4601
o 611/11
949 ## - LOCAL PROCESSING INFORMATION (OCLC)
6 17A0689924
a snkSC 144264 D1
b snk2011/4602
o 611/11
s 6100:20140925
949 ## - LOCAL PROCESSING INFORMATION (OCLC)
6 3869A18168
a bpksh821.162.4-31
b bpksh68577
980 ## - EQUIVALENCE OR CROSS-REFERENCE-SERIES STATEMENT--PERSONAL NAME/TITLE [LOCAL, CANADA]
Personal name 821.162.4-31
Holdings
Stav vyradenia Strata Poškodenie Spôsob nadobudnutia Domovská knižnica Aktuálna knižnica Dátum nadobudnutia Cena Total checkouts Čiarový kód exemplára Date last seen Typ exemplára
      Kúpa Obecná knižnica Horná Štubňa Obecná knižnica Horná Štubňa 20.03.2026 4.90   9788089482054 20.03.2026 Krásna literatúra pre dospelých
Projekt je podporený Slovenskou asociáciou knižníc
Prevádzkuje Turčianska knižnica Martin 2026